Normal view
MARC view
- Dougherty, Edward R
Entry Personal Name
001 - CONTROL NUMBER
- control field: 7679
003 - CONTROL NUMBER IDENTIFIER
- control field: OSt
005 - DATE AND TIME OF LATEST TRANSACTION
- control field: 20250804120249.0
008 - FIXED-LENGTH DATA ELEMENTS
- fixed length control field: 250804|| aca||aabn | a|a d
040 ## - CATALOGING SOURCE
- Original cataloging agency: OSt
- Transcribing agency: OSt
100 ## - HEADING--PERSONAL NAME
- Personal name: Dougherty, Edward R
670 ## - SOURCE DATA FOUND
- Source citation: Work cat.: (OSt)12094: Dougherty, Edward R ., Probability and statistics for the engineering, computing, and physical sciences / , 1990.
